00773nam a22001697a 450000500170000000800410001705000310005810000250008924501120011426000340022630000150026050000400027565000900031594200130040599900190041895201660043720260511112517.0260511b |||||||| |||| 00| 0 eng d aTHE HG 2491 .O54 2006bC.1 aOneya, Shianda Doris aAn Analysis of the Impact of Non-performing Loans on the Financial Performance of Commercial Banks in Kenya aKisiibKisii Universityc2006 aviii, 33p. aIncludes bibliographical references a1. Non-performing loans - Kenya. 2. Financial performance - Commercial banks - Kenya. 2lcccREF c217104d217104 00102lcc406THE H G2491 O54 02006708SC9377413aKSULbKSULd2026-05-11i109440l0oTHE HG 2491 .O54 2006pA002029r2026-05-11 11:26:44tC.1w2026-05-11yREF